[Event "Mechanics' Winter TNM; 30/90, SD/30"]
[Site "San Francisco"]
[Date "2015.02.10"]
[Round "6.1"]
[White "Lee, Andy"]
[Black "Whitehead, Paul"]
[Result "1-0"]
[WhiteElo "2386"]
[BlackElo "2365"]
[Annotator "Donaldson"]
[PlyCount "99"]
[EventDate "2015.??.??"]

1. e4 c5 2. Nf3 Nc6 3. d4 cxd4 4. Nxd4 e6 5. Nc3 Qc7 6. Be3 a6 7. Bd3 Nf6 8.
O-O Be7 9. Kh1 d6 10. f4 Bd7 11. Qf3 h5 12. Nxc6 Bxc6 13. f5 O-O-O 14. fxe6
fxe6 15. Ba7 Rdf8 16. Qh3 Bd7 17. a4 Ng4 18. Rxf8+ Bxf8 19. a5 b5 20. Bg1 Be7
21. Be2 Ne5 22. Bb6 Qc6 23. Bd3 Ng4 24. Qf3 Rf8 25. Qe2 Bf6 26. Rf1 Rh8 27. Na2
d5 28. exd5 Qd6 29. Bg1 exd5 (29... Bd4 $5 30. g3 Bxg1 31. Kxg1 Qc5+ 32. Kh1
Qxd5+ 33. Qe4 Bc6) 30. c3 Qe5 31. Qxe5 Nxe5 32. Nb4 h4 33. h3 Nxd3 34. Nxd3 Re8
35. Bd4 Bxd4 36. cxd4 Re4 37. Nc5 Rxd4 38. Rf8+ Kc7 39. Rf7 Kd6 40. Nxd7 Ra4
41. Rxg7 Rxa5 42. Nb8 Ra1+ 43. Kh2 Rb1 44. Nxa6 Rxb2 45. Rg4 Ke5 46. Nb4 Rd2
47. Rxh4 d4 48. Rh5+ Ke4 49. Rxb5 Rb2 50. Rb8 1-0

[Event "Mechanics' Winter TNM; 30/90, SD/30"]
[Site "San Francisco"]
[Date "2015.01.20"]
[Round "3.22"]
[White "Lesquillier, Walter"]
[Black "Ross, David"]
[Result "1-0"]
[WhiteElo "1797"]
[BlackElo "1523"]
[PlyCount "37"]
[EventDate "2015.??.??"]

1. g3 Nf6 2. Nf3 d5 3. Bg2 g6 4. c4 c6 5. O-O Bg7 6. d4 O-O 7. Nc3 Na6 8. Ne5
Ng4 9. Nxg4 Bxg4 10. cxd5 cxd5 11. Nxd5 Be6 12. Nf4 Bc8 13. Be3 Qb6 14. Nd5
Qxb2 15. Nxe7+ Kh8 16. Nxc8 Raxc8 17. Rb1 Qxa2 18. Bxb7 Rc7 19. Ra1 1-0

[Event "Mechanics' Winter TNM; 30/90, SD/30"]
[Site "San Francisco"]
[Date "2015.02.17"]
[Round "7.14"]
[White "Lesquillier, Walter"]
[Black "Smith, Mahlon A"]
[Result "0-1"]
[WhiteElo "1797"]
[BlackElo "2121"]
[PlyCount "54"]
[EventDate "2015.??.??"]

1. e4 c5 2. Bc4 d6 3. Nf3 e6 4. O-O Nf6 5. Nc3 Be7 6. d4 cxd4 7. Nxd4 a6 8. Bb3
Qc7 9. Be3 Nc6 10. f3 Bd7 11. Qe2 O-O 12. Rad1 Rac8 13. Kh1 Rfd8 14. Qf2 Qb8
15. Nde2 b5 16. a3 Ne5 17. Bb6 Re8 18. Bd4 Nc4 19. Ba7 Qb7 20. Bxc4 Rxc4 21.
Bb6 Rb8 22. Ba5 Ne8 23. Bb4 Qc7 24. b3 Rc6 25. a4 bxa4 26. Rd4 Bf6 27. Rc4 Rxc4
0-1

[Event "Mechanics' Leighton Allen TNM; G/2"]
[Site "San Francisco"]
[Date "2015.09.22"]
[Round "8.22"]
[White "Liang, Ting"]
[Black "Dupree, Charles"]
[Result "1-0"]
[WhiteElo "1430"]
[BlackElo "1654"]
[PlyCount "45"]
[EventDate "2015.??.??"]

1. c4 Nf6 2. Nc3 e6 3. g3 c5 4. Bg2 Nc6 5. e3 Be7 6. Nge2 b6 7. O-O Bb7 8. d4
O-O 9. d5 exd5 10. cxd5 Nb4 11. d6 Bxg2 12. Kxg2 Re8 13. dxe7 Qxe7 14. Nf4 Qe5
15. a3 Nc6 16. Nfd5 Re6 17. Nxf6+ Qxf6 18. e4 Nd4 19. f4 Qe7 20. e5 d6 21. Be3
Nf5 22. Qf3 dxe5 23. Qxa8+ 1-0

[Event "Mechanics' Leighton Allen TNM; G/2"]
[Site "San Francisco"]
[Date "2015.08.25"]
[Round "4.28"]
[White "Liang, Ting"]
[Black "Morgan, Jerry Dugl"]
[Result "1-0"]
[WhiteElo "1430"]
[BlackElo "1645"]
[PlyCount "51"]
[EventDate "2015.??.??"]

1. c4 f5 2. Nc3 Nf6 3. d4 g6 4. Bg5 Bg7 5. Nf3 O-O 6. d5 Na6 7. e3 d6 8. Be2
Nc5 9. Qc2 e5 10. dxe6 Nxe6 11. Bh4 Qe8 12. Nd2 Nc5 13. O-O Bd7 14. Bxf6 Bxf6
15. Nd5 Bd8 16. b4 Na6 17. a3 c6 18. Nf4 Nc7 19. Rfe1 Ne6 20. Nxe6 Bxe6 21. Nb3
Qf7 22. Nd4 Bd7 23. Rad1 Bc7 24. Bf3 Rab8 25. b5 c5 $4 26. Bd5 1-0

[Event "Mechanics' Leighton Allen TNM; G/2"]
[Site "San Francisco"]
[Date "2015.08.10"]
[Round "2.28"]
[White "Liang, Ting"]
[Black "Sherwood, Peter"]
[Result "0-1"]
[WhiteElo "1430"]
[BlackElo "1633"]
[PlyCount "100"]
[EventDate "2015.??.??"]

1. c4 Nf6 2. Nc3 d5 3. cxd5 Nxd5 4. e4 Nf6 5. d4 e6 6. a3 Be7 7. Nf3 O-O 8. Bc4
b6 9. O-O Ba6 10. Qa4 Bxc4 11. Qxc4 c6 12. Bf4 Qc8 13. Rad1 Rd8 14. d5 cxd5 15.
Qxc8 Rxc8 16. exd5 exd5 17. Nxd5 Nxd5 18. Rxd5 Nc6 19. Rd2 Rd8 20. Rc2 Rac8 21.
Rfc1 Bf8 22. g3 Ne7 23. Bc7 Rd5 24. Rd2 Rxd2 25. Nxd2 Nd5 26. Ne4 Nxc7 27. f3
f5 28. Ng5 Bc5+ 29. Kg2 Re8 30. Rc2 Nd5 31. Kh3 h6 32. Rd2 Nf6 33. f4 hxg5 34.
fxg5 Ne4 35. Rd7 Re7 36. Rd8+ Kf7 37. Kg2 Nxg5 38. b4 Ne6 39. Rd5 Bd4 40. Rxf5+
Kg6 41. Rd5 Bb2 42. a4 Nc7 43. Rd6+ Kf7 44. Rc6 Nd5 45. b5 Ba3 46. Kf3 Bc5 47.
a5 Rc7 48. axb6 axb6 49. Ke4 Nc3+ 50. Kd3 Nxb5 0-1

[Event "Mechanics' Leighton Allen TNM; G/2"]
[Site "San Francisco"]
[Date "2015.09.08"]
[Round "6.27"]
[White "Liang, Ting"]
[Black "Standen, Julian"]
[Result "0-1"]
[WhiteElo "1430"]
[BlackElo "1636"]
[PlyCount "80"]
[EventDate "2015.??.??"]

1. c4 c6 2. Nc3 d5 3. cxd5 cxd5 4. d4 Nc6 5. Nf3 Nf6 6. Bf4 a6 7. a4 Bf5 8. e3
e6 9. Bd3 Bxd3 10. Qxd3 Bd6 11. Ne5 O-O 12. O-O Rc8 13. Qe2 Qe7 14. Nd3 Nb4 15.
Bxd6 Qxd6 16. Nc5 Rc7 17. Rfd1 Nd7 18. Rac1 Nxc5 19. dxc5 Rxc5 20. Ne4 dxe4 21.
Rxd6 Rxc1+ 22. Rd1 Rc2 23. Qh5 Rfc8 24. h3 Nd3 25. Ra1 Nxb2 26. f3 exf3 27.
Qxf3 Rd8 28. Qxb7 h6 29. Rf1 f6 30. Kh2 Rdd2 31. Qa8+ Kh7 32. Qe4+ f5 33. Qb7
Rxg2+ 34. Qxg2 Rxg2+ 35. Kxg2 Nxa4 36. Rc1 Kg6 37. Rc6 Kf6 38. Rxa6 Nc5 39. h4
g5 40. hxg5+ hxg5 {The position should be a draw but Black later won in time
pressure. Remaining moves are unavailable.} 0-1

[Event "Mechanics' Spring TNM; G/2"]
[Site "San Francisco"]
[Date "2015.04.28"]
[Round "7.18"]
[White "Lin, Aung"]
[Black "Clemens, Kristian"]
[Result "0-1"]
[WhiteElo "1735"]
[BlackElo "1877"]
[PlyCount "72"]
[EventDate "2015.??.??"]

1. f4 d5 2. Nf3 Nf6 3. e3 c5 4. Ne5 Nc6 5. Bb5 Qb6 6. Bxc6+ bxc6 7. Qf3 Bf5 8.
d3 g6 9. b3 Bg7 10. Bb2 c4 11. Nd2 cxd3 12. cxd3 O-O 13. Rc1 Ng4 14. Bd4 Nxe5
15. fxe5 Qa6 16. e4 dxe4 17. dxe4 Be6 18. Rc2 Rad8 19. Qc3 c5 20. Bxc5 Rd3 21.
Qb2 Rfd8 22. O-O Bh6 23. Nc4 Qc6 24. Bxe7 R8d4 25. Re2 Rxe4 26. Rxe4 Qxe4 27.
Nd6 Be3+ 28. Kh1 Qd5 29. Nc4 Qe4 30. Nxe3 Rxe3 31. Qf2 Bd5 32. Rg1 Re2 33. Qf1
Qxe5 34. Bf6 Qe6 35. Bd4 Bxg2+ 36. Rxg2 Re1 {...} 0-1

[Event "Mechanics' Spring TNM; G/2"]
[Site "San Francisco"]
[Date "2015.04.14"]
[Round "5.13"]
[White "Lin, Aung"]
[Black "Krasnov, Steven"]
[Result "0-1"]
[WhiteElo "1735"]
[BlackElo "2016"]
[Annotator "Winslow,Elliott"]
[PlyCount "108"]
[EventDate "2015.??.??"]

1. f4 Nf6 2. Nf3 c5 3. e3 Nc6 4. Bb5 Qc7 5. O-O d6 6. b3 Bd7 7. Bb2 e6 8. d3
Be7 9. Nbd2 Nd5 $5 10. Re1 f6 {
Black's position is the densest I can remember seeing!} 11. Bc4 Nb6 12. a3 (12.
Bb5 $5 Nd5 $5 {
Those GMs are always looking for repetitions to beat the 30-move rule...})
12... a6 {The computer already likes Black} (12... Nxc4 {isn't bad either}) 13.
d4 {White loses/gambits the f-pawn} cxd4 14. exd4 $5 d5 15. Bd3 Qxf4 {
I'm surprised Stockfish only makes this even!} 16. Nf1 (16. c4 $5) 16... O-O
17. Bc1 Qc7 18. Bd2 Rf7 (18... e5 {gets to the point right away}) 19. Re3 Bd6
$2 (19... e5 $1) 20. Qe1 (20. c4 $1) 20... Bf4 21. Qh4 $2 g5 $19 22. Qh5 Bxe3+
$6 (22... e5 {as usual, but also}) (22... Rg7 $1 {threatens all sorts of
things, ...Be8, ...g4 and crashing the center with ...Nxd4.}) 23. Nxe3 Be8 24.
Ng4 Kh8 $2 (24... Rf8 $1 {
makes room for the queen to get in on the defense, too}) 25. Qh6 {
and it looks good for White! But only if he takes a leap at some point!} Qe7 $2
(25... Nd7 26. Rf1 {it's still uncomfortable, but after the game move}) 26. Rf1
$2 (26. Nxg5 $1 fxg5 $2 27. Bxg5 {crashes through:} Qf8 28. Bf6+ Kg8 29. Qg5+
Rg7 {and here you must find the winning pattern:} 30. Bxh7+ $1 Kxh7 (30... Kf7
31. Nh6# $1) (30... Kh8 31. Qh4 {and Black is surprisingly helpless}) 31. Bxg7
(31. Qh4+ Kg8 32. Rf1 {also is a winning "bringing up the reserves"}) 31...
Qxg7 32. Nf6+ {forces Black to give up his queen, with the typical
Q+Ps+exposed K, which is better (!?) than} Kh8 $2 33. Qh4+ {and mate}) 26...
Nd7 {Now it's Black with the fresh wood joining in.} 27. h4 Qf8 28. hxg5 f5 $1
{I've never seen every knight contesting e5 before!} 29. Nge5 Ndxe5 30. dxe5
Qxh6 31. gxh6 Bd7 {
Things have finally calmed down, and Black can go about being an exchange up.}
32. Ng5 (32. c4 dxc4 33. Bxc4 b5 34. Be2 Kg8 $5) 32... Re7 33. Nf3 Rg8 $5 34.
Bg5 Rxg5 35. Nxg5 Nxe5 {A simpler position, but maybe not so easy to win.} 36.
Be2 (36. Re1 $5 Nf7 (36... Nxd3 $6 37. cxd3 d4 38. Rc1)) 36... Kg8 37. Re1 Nf7
38. Nh3 Nxh6 39. Nf4 Kf7 40. Bh5+ Kf6 41. Bf3 Bc6 42. Kf2 Ng4+ 43. Bxg4 fxg4
44. Kg3 e5 45. Nd3 Kf5 46. Rh1 e4 47. Rh5+ Kf6 48. Nf4 e3 {Terribly distracting
} 49. Rh6+ Ke5 50. Rh5+ Kd4 (50... Ke4) 51. Ne2+ Kc5 52. Kxg4 Kd6 $6 (52... Be8
$1 53. Rg5 h6 $1 {and eventually the d-pawn joins its front man}) 53. Kf4 Bb5
54. Rh6+ (54. Kf3 $5) 54... Kd7 {
And White chose this moment to end the game (flag?)} (54... Kc5 $1) 0-1

[Event "Mechanics' Spring TNM; G/2"]
[Site "San Francisco"]
[Date "2015.03.24"]
[Round "2.6"]
[White "Lin, Aung"]
[Black "Tsodikova, Natalya"]
[Result "0-1"]
[WhiteElo "1735"]
[BlackElo "2175"]
[PlyCount "58"]
[EventDate "2015.??.??"]

1. f4 d5 2. Nf3 g6 3. e3 Bg7 4. c4 Nf6 5. Qb3 O-O 6. cxd5 Nxd5 7. Bc4 Nb6 8.
Ng5 Nxc4 9. Qxc4 h6 10. Nf3 Be6 11. Qc2 Nc6 12. a3 Na5 13. Nc3 Nb3 14. Rb1 Nc5
15. d4 Bf5 16. e4 Nxe4 17. Nxe4 Qd5 18. Nfd2 Bxd4 19. b3 Be3 20. Qc4 Bxd2+ 21.
Nxd2 Qxg2 22. Qf1 Qc6 23. Kf2 Bxb1 24. Nxb1 Rad8 25. Be3 e5 26. Rg1 exf4 27.
Bxf4 Qe4 28. Bxh6 Qh4+ 29. Kg2 Qxh6 0-1

[Event "Mechanics' Winter TNM; 30/90, SD/30"]
[Site "San Francisco"]
[Date "2015.02.10"]
[Round "6.13"]
[White "Lin, Aung Tun"]
[Black "Cole, Tony"]
[Result "1-0"]
[WhiteElo "1735"]
[BlackElo "1400"]
[PlyCount "28"]
[EventDate "2015.??.??"]

1. Nf3 Nf6 2. b3 Nc6 3. Bb2 e6 4. e3 d5 5. Bb5 Bd7 6. O-O a6 7. Bxc6 Bxc6 8.
Ne5 Qd6 9. f4 Be7 10. d3 g6 $6 11. Qe2 h5 $6 12. Nd2 Rh7 $6 13. Ndf3 Rh8 $6 14.
Nd4 Bd7 {and White went on to win. Remaining moves unavailable.} 1-0

[Event "Mechanics' Winter TNM; 30/90, SD/30"]
[Site "San Francisco"]
[Date "2015.02.17"]
[Round "7.45"]
[White "Lin, Aung Tun"]
[Black "Eytan, David"]
[Result "0-1"]
[WhiteElo "1400"]
[BlackElo "1599"]
[PlyCount "66"]
[EventDate "2015.??.??"]

1. Nf3 c5 2. b3 Nc6 3. Bb2 d6 4. e3 Bf5 5. Bb5 Qb6 6. Nc3 Nf6 7. d3 g6 8. Bxc6+
Qxc6 9. e4 Bd7 10. Qe2 Bg7 11. O-O O-O 12. h3 Nh5 13. Nd5 Rfe8 14. Bxg7 Nxg7
15. c4 f6 16. Rfe1 Kf7 17. b4 b6 18. b5 Qc8 19. Qb2 Nh5 20. Re3 e6 21. Nc3 Nf4
22. Ne2 e5 23. Nh2 g5 24. Rd1 h5 25. Nxf4 gxf4 26. Rf3 Rg8 27. Kh1 {Diagram #}
Bg4 $1 28. hxg4 hxg4 29. Rxf4 exf4 30. Kg1 Rh8 31. g3 Rxh2 $1 32. Kxh2 Qh8+ 33.
Kg1 f3 0-1

[Event "Mechanics' Winter TNM; 30/90, SD/30"]
[Site "San Francisco"]
[Date "2015.01.13"]
[Round "2.20"]
[White "Lin, Aung Tun"]
[Black "Grey, Peter"]
[Result "0-1"]
[WhiteElo "1735"]
[BlackElo "2006"]
[PlyCount "94"]
[EventDate "2015.??.??"]

1. Nf3 g6 2. d4 Nf6 3. Bg5 Bg7 4. Qd2 h6 5. Bh4 Ne4 6. Qd3 d5 7. Nc3 Nxc3 8.
Qxc3 Nd7 9. e3 Nf6 10. Ne5 Ne4 11. Qb3 c6 12. Bd3 Nc5 13. Qc3 Nxd3+ 14. Qxd3
Qd6 15. Qc3 Bf6 16. Bg3 Qd8 17. Nd3 O-O 18. O-O Bf5 19. Nc5 b6 20. Nb3 c5 21.
Qd2 c4 22. Nc1 b5 23. Ne2 a5 24. f3 b4 25. c3 Bd3 26. Rf2 Bxe2 27. Rxe2 Qb6 28.
e4 e6 29. Qxh6 bxc3 30. bxc3 {Diagram #} Bxd4+ $1 31. Bf2 Bxf2+ 32. Rxf2 d4 33.
Qd2 d3 34. Kf1 Qd6 35. f4 Rab8 36. g4 f5 37. e5 Qd5 38. Ke1 Qe4+ 39. Kd1 Qh1+
40. Qe1 Qxe1+ 41. Kxe1 Rb7 42. a4 Rfb8 43. gxf5 Rb1+ 44. Rxb1 Rxb1+ 45. Kd2
Rb2+ 46. Ke3 Rxf2 47. Kxf2 gxf5 0-1

[Event "Mechanics' Summer TNM; G/2"]
[Site "San Francisco"]
[Date "2015.06.02"]
[Round "2.26"]
[White "Lin, Aung Tun"]
[Black "Henriques, Keith A"]
[Result "1-0"]
[WhiteElo "1743"]
[BlackElo "144"]
[Annotator "Donaldson"]
[PlyCount "53"]
[EventDate "2015.??.??"]

1. f4 d5 2. b3 e6 3. Nf3 Nc6 4. Bb2 Nf6 5. e3 Bd6 6. Bb5 a6 7. Bxc6+ bxc6 8.
O-O O-O 9. d3 c5 10. Nbd2 Ng4 11. Qe2 f5 12. Rae1 h6 13. h3 Nf6 14. Qf2 Qe8 15.
Ne5 Bxe5 16. Bxe5 c6 17. Qh4 Qf7 18. Rf3 Qh5 19. Qf2 $2 (19. Bxf6) 19... g5 20.
fxg5 hxg5 21. Bd6 Rd8 22. Be7 Rf8 23. Bxf8 Kxf8 24. e4 g4 25. Qxc5+ Kf7 26.
hxg4 Bd7 27. gxh5 1-0

[Event "Mechanics' Summer TNM; G/2"]
[Site "San Francisco"]
[Date "2015.07.14"]
[Round "8.24"]
[White "Lin, Aung Tun"]
[Black "Ronen, Ari"]
[Result "0-1"]
[WhiteElo "1743"]
[BlackElo "1536"]
[PlyCount "46"]
[EventDate "2015.??.??"]

1. Nf3 Nf6 2. b3 b6 3. Bb2 Bb7 4. e3 d6 5. g3 Nbd7 6. Bg2 g6 7. O-O Bg7 8. d3
O-O 9. Nbd2 Qc8 10. Bh3 e6 11. Rc1 c5 12. Ne1 Qc7 13. c4 Rfe8 14. f4 d5 15. Bg2
Rad8 16. Qf3 Nb8 17. Qf2 Ng4 18. Qe2 Bxb2 19. Rc2 Nxe3 20. Rxb2 Nxf1 21. Qxf1
dxc4 22. Nxc4 Bxg2 23. Rxg2 Nc6 0-1

[Event "Mechanics' Summer TNM; G/2"]
[Site "San Francisco"]
[Date "2015.06.16"]
[Round "4.26"]
[White "Lin, Aung Tun"]
[Black "Simpkins, Jerry"]
[Result "1-0"]
[WhiteElo "1743"]
[BlackElo "1504"]
[PlyCount "73"]
[EventDate "2015.??.??"]

1. Nf3 Nc6 2. b3 e5 3. Nc3 f5 4. e4 d6 5. Bb5 Nf6 6. Bxc6+ bxc6 7. d3 Be7 8.
Nh4 fxe4 9. dxe4 O-O 10. Nf5 Bxf5 11. exf5 d5 12. a3 d4 13. Ne2 Ng4 14. Ng3 Nf6
15. Qd3 Qd5 16. f3 Bd6 17. Ne4 Rae8 18. O-O Qb5 19. Qd1 Bc5 20. Kh1 Nd5 21. a4
Qb6 22. Qd3 Nb4 23. Qc4+ Nd5 24. Nxc5 Rxf5 25. Bd2 Kh8 26. Rae1 Qb8 27. Re4 Nb6
28. Qd3 Qc8 29. Rfe1 Nd5 30. Qe2 Nc3 31. Bxc3 dxc3 32. Nd3 Qe6 33. Nxe5 Kg8 34.
Nd3 Qd6 35. Rxe8+ Kf7 36. Re7+ Kf6 37. Re6+ 1-0

[Event "Mechanics' Summer TNM; G/2"]
[Site "San Francisco"]
[Date "2015.06.30"]
[Round "6.28"]
[White "Lin, Aung Tun"]
[Black "Sorensen, Matthew"]
[Result "0-1"]
[WhiteElo "1743"]
[BlackElo "1497"]
[Annotator "Donaldson"]
[PlyCount "79"]
[EventDate "2015.??.??"]

1. f4 Nc6 2. Nf3 d5 3. c4 dxc4 4. e4 Bg4 5. Bxc4 Nf6 6. h3 Bxf3 7. Qxf3 e6 8.
Nc3 a6 9. a3 Nd4 10. Qd1 Bc5 11. b4 Ba7 12. Bb2 O-O 13. d3 b5 14. Ba2 Nd7 15.
Ne2 Nxe2 16. Qxe2 Qh4+ 17. Kd1 Qxf4 18. d4 Nf6 19. Re1 Rad8 20. d5 exd5 21.
Bxf6 Qxf6 22. e5 Qg5 23. Qd3 Qxg2 24. Bb1 g6 25. Ra2 {Diagram #} Qe4 $1 ({or} 
25... Qg5) 26. Qb3 Qc4 27. Qf3 c5 28. Rc2 Qd4+ 29. Rd2 Qa1 30. Ke2 Qxe5+ 31.
Kf1 Qg7 32. Re7 Bb6 33. Kg2 cxb4 34. axb4 Rfe8 35. Rxe8+ Rxe8 36. Qxd5 Qa1 37.
Qb3 Qe5 38. Qd1 Qg5+ 39. Kh1 Qg3 40. Re2 0-1

[Event "Mechanics' Winter TNM; 30/90, SD/30"]
[Site "San Francisco"]
[Date "2015.01.06"]
[Round "1.18"]
[White "Louie, Henry"]
[Black "Khristofurov, Sergey"]
[Result "1/2-1/2"]
[WhiteElo "1532"]
[BlackElo "1977"]
[PlyCount "97"]
[EventDate "2015.??.??"]

1. Nf3 d5 2. c4 c6 3. cxd5 cxd5 4. d4 Nc6 5. e3 Nf6 6. Nc3 Bg4 7. Be2 e6 8. O-O
Be7 9. h3 Bh5 10. a3 O-O 11. b4 a6 12. Bb2 b5 13. Rc1 Rc8 14. Nd2 Bxe2 15. Nxe2
Nd7 16. Nf3 Nb6 17. Ne5 Nc4 18. Nxc4 bxc4 19. Nc3 Na7 20. Re1 Nb5 21. Nxb5 axb5
22. Bc3 Ra8 23. Ra1 Ra4 24. Re2 Qa8 25. Rea2 Rc8 26. Qf3 Rc7 27. Qd1 Rca7 28.
Qc1 Bxb4 29. Bxb4 Rxb4 30. Rb1 Rxb1 31. Qxb1 Rxa3 32. Rxa3 Qxa3 33. Qxb5 Qa1+
34. Kh2 Qa8 35. e4 Qc8 36. exd5 exd5 37. Qxd5 c3 38. Qg5 c2 39. Qc1 Qb8+ 40. g3
Qb1 41. Qe3 h6 42. Qe8+ Kh7 43. Qe4+ g6 44. Qe7 Kg7 45. Qe5+ Kf8 46. Qd6+ Kg7
47. Qe5+ Kf8 48. Qd6+ Ke8 49. Qc6+ 1/2-1/2

[Event "Mechanics' Winter TNM; 30/90, SD/30"]
[Site "San Francisco"]
[Date "2015.01.27"]
[Round "4.26"]
[White "Louie, Henry"]
[Black "McCarty-Snead, Callaghan"]
[Result "1/2-1/2"]
[WhiteElo "1532"]
[BlackElo "1843"]
[Annotator "Donaldson"]
[PlyCount "65"]
[EventDate "2015.??.??"]

1. Nf3 d6 2. c4 Nf6 3. g3 g6 4. Bg2 Bg7 5. d3 O-O 6. O-O e5 7. Nc3 c6 (7... Nc6
8. Rb1 a5 9. a3 h6 10. b4 axb4 11. axb4 Be6 12. b5 Ne7 13. Nd2 Rb8 14. Bb2 Qd7
15. Re1 Bh3 16. Bh1 Ng4) 8. Rb1 a5 9. b3 (9. a3 Nbd7 10. b4 axb4 11. axb4 d5)
9... Nbd7 10. Bb2 Qe7 (10... d5) 11. Re1 (11. a3) 11... Nh5 (11... d5 12. cxd5
cxd5 13. e4 d4 14. Nd5 Nxd5 15. exd5 Qd6 16. Nd2) 12. Ne4 f5 13. Ned2 f4 14.
Ne4 d5 15. cxd5 cxd5 16. Nc3 fxg3 17. hxg3 d4 18. Nb5 Qc5 19. a4 Qb6 20. Rc1
Rf6 (20... Qf6) 21. Nc7 (21. Nxe5 $1 Nxe5 22. Bxd4 Qe6 23. Nc7) 21... Rb8 22.
Nd5 Qd6 23. Nxf6+ Ndxf6 24. Nd2 Nd5 25. Ne4 Qd8 26. Ba3 Bf5 27. Rc4 Bxe4 28.
dxe4 (28. Bxe4) 28... Nc3 29. Qc2 Rc8 30. Bh3 Rxc4 31. Be6+ Kh8 32. Bxc4 Qg5
33. Qd3 1/2-1/2

[Event "Mechanics' Winter TNM; 30/90, SD/30"]
[Site "San Francisco"]
[Date "2015.02.24"]
[Round "8.28"]
[White "Louie, Henry"]
[Black "Sadowsky, Jacob"]
[Result "0-1"]
[WhiteElo "1532"]
[BlackElo "1681"]
[PlyCount "68"]
[EventDate "2015.??.??"]

1. Nf3 Nf6 2. g3 g6 3. Bg2 Bg7 4. O-O O-O 5. d4 d5 6. Nc3 e6 7. Bf4 Nbd7 8. Rb1
a6 9. Re1 c5 10. e4 dxe4 11. Nxe4 Nxe4 12. Rxe4 Nf6 13. Re2 Nd5 14. Bg5 Qb6 15.
dxc5 Qxc5 16. c3 Bd7 17. Be3 Nxe3 18. Rxe3 Rfd8 19. Qc2 Bb5 20. Nd2 Bh6 21. Ne4
Qe7 22. Ree1 Bd3 23. Qb3 Bxb1 24. Rxb1 f5 25. Nc5 Qxc5 26. Qxe6+ Kg7 27. Bxb7
Rd2 28. Rf1 Rb8 29. b4 Qxc3 30. Qe7+ Kh8 31. Re1 Rxa2 32. Rd1 Ra1 33. Rxa1
Qxa1+ 34. Kg2 Qg7 0-1

[Event "Mechanics' Winter TNM; 30/90, SD/30"]
[Site "San Francisco"]
[Date "2015.02.10"]
[Round "6.27"]
[White "Louie, Henry"]
[Black "Standen, Julian"]
[Result "1/2-1/2"]
[WhiteElo "1532"]
[BlackElo "1626"]
[PlyCount "46"]
[EventDate "2015.??.??"]

1. Nf3 d5 2. c4 c6 3. g3 Nf6 4. b3 Bf5 5. Bg2 e6 6. Bb2 Be7 7. O-O O-O 8. d3
Nbd7 9. Nbd2 Qc7 10. Rc1 Rad8 11. cxd5 exd5 12. Rc2 Rfe8 13. Qa1 Bf8 14. Re1
Qb6 15. Rcc1 Bc5 16. Bd4 Bxd4 17. Qxd4 Qxd4 18. Nxd4 Bg6 19. Bh3 Re7 20. Bxd7
Nxd7 21. N2f3 Rde8 22. b4 Ne5 23. Kf1 f6 1/2-1/2

[Event "Mechanics' Fall TNM; G/2"]
[Site "San Francisco"]
[Date "2015.12.01"]
[Round "7.13"]
[White "Lourme, Nicholas R"]
[Black "Askin, Michael Chr"]
[Result "0-1"]
[WhiteElo "1668"]
[BlackElo "2097"]
[Annotator "Donaldson"]
[PlyCount "108"]
[EventDate "2015.??.??"]

1. d4 d5 2. Nf3 Nf6 3. c4 c6 4. Nc3 e6 5. e3 Nbd7 6. Bd3 dxc4 7. Bxc4 b5 8. Bd3
a6 9. O-O Bb7 10. e4 c5 11. d5 Qb6 12. Qe2 c4 13. Bc2 Bc5 14. b3 Bb4 15. Bb2
Qa5 16. dxe6 fxe6 17. Nd1 c3 18. Bc1 O-O 19. e5 Bxf3 20. Qxf3 Nxe5 21. Qe2 Nf7
22. Qxe6 Rae8 23. Qh3 Re2 24. Bd3 Rxa2 25. Rxa2 Qxa2 26. Ne3 Qxb3 27. Nf5 g6
28. Nh6+ Nxh6 29. Qxh6 Qf7 30. Qf4 Qe7 31. Qg3 Bd6 32. Qf3 Qe5 33. g3 Qd5 34.
Qxd5+ Nxd5 35. Be4 Nf6 36. Bc2 Bc5 37. Bb3+ Kg7 38. Bf4 a5 39. Rc1 b4 40. Ra1
Bb6 41. Re1 Nh5 $4 (41... Ng4) (41... Rf7 {and}) (41... Bd8 {were all winning.}
) 42. Re7+ Kf6 (42... Kh8 43. Be5+ Nf6 44. Re8 $1) 43. Re6+ Kf5 {Diagram #} 44.
Rxb6 $2 (44. Re5+ Kf6 (44... Kg4 $4 45. h3+ Kxh3 46. Rxh5+ $1 gxh5 47. Be6+)
45. Re6+ {with a draw was the correct continuation.}) 44... Nxf4 45. gxf4 Ra8 (
45... Kxf4) 46. Ba4 Kxf4 47. Rf6+ Ke5 48. Rc6 Ra7 49. Kf1 Kf4 50. Kg2 Ke4 51.
Kf1 Kd4 52. Ke2 Re7+ 53. Kd1 Re5 54. Rc7 Rh5 {
and Black went on to win in mutual time pressure.} 0-1

[Event "Mechanics' Fall TNM; G/2"]
[Site "San Francisco"]
[Date "2015.10.20"]
[Round "1.3"]
[White "Lourme, Nicholas R"]
[Black "Byambaa, Uyanga"]
[Result "0-1"]
[WhiteElo "1668"]
[BlackElo "2204"]
[PlyCount "94"]
[EventDate "2015.??.??"]

1. d4 Nf6 2. Bg5 Ne4 3. Bf4 c5 4. f3 Nf6 5. d5 d6 6. e4 g6 7. Qd2 Bg7 8. Bb5+
Nbd7 9. Nh3 a6 10. Bxd7+ Bxd7 11. Nf2 b5 12. c3 a5 13. O-O O-O 14. Bh6 b4 15.
Bxg7 Kxg7 16. c4 a4 17. a3 Qb6 18. Nd3 Rab8 19. Rc1 Rfc8 20. Kh1 Rc7 21. Qe2
bxa3 22. Rxa3 Rcb7 23. Nc3 Qa6 24. Nd1 Rb3 25. e5 Ne8 26. Nf4 Rxa3 27. bxa3 Rb3
28. e6 fxe6 29. Nxe6+ Bxe6 30. Qxe6 Qb7 31. Rc3 Kf8 32. Qe3 Rb1 33. Rc1 Qb3 34.
Qd2 Nf6 35. h3 Rxc1 36. Qxc1 Nd7 37. Nf2 Ne5 38. Qh6+ Kg8 39. Qg5 Qxc4 40. Qxe7
Qf1+ 41. Kh2 Qxf2 42. Qe6+ Kg7 43. Qe7+ Nf7 44. Qe4 Qd4 45. Qxd4+ cxd4 46. Kg1
Kf6 47. f4 Kf5 0-1

[Event "Mechanics' Fall TNM; G/2"]
[Site "San Francisco"]
[Date "2015.11.10"]
[Round "4.22"]
[White "Lourme, Nicholas R"]
[Black "Newey, Richard H"]
[Result "1-0"]
[WhiteElo "1668"]
[BlackElo "1855"]
[PlyCount "37"]
[EventDate "2015.??.??"]

1. d4 Nf6 2. Bg5 d5 3. Bxf6 gxf6 4. c3 Bf5 5. Nf3 Nd7 6. Nh4 Be6 7. Nd2 Bg7 8.
e3 h5 9. Qc2 Nf8 10. Bd3 Bd7 11. Qb3 Bc6 12. f4 Qd7 13. Ndf3 e6 14. Rg1 f5 15.
Rd1 O-O-O 16. Qa3 Kb8 17. Rb1 Nh7 18. b4 Nf6 19. b5 1-0

[Event "Mechanics' Leighton Allen TNM; G/2"]
[Site "San Francisco"]
[Date "2015.09.22"]
[Round "8.24"]
[White "MacIntyre, Brendan"]
[Black "Kim, Isaiah"]
[Result "0-1"]
[WhiteElo "1575"]
[BlackElo "1550"]
[Annotator "Donaldson"]
[PlyCount "34"]
[EventDate "2015.??.??"]

1. d4 Nf6 2. c4 e6 3. Nc3 d5 4. e3 c6 5. Nf3 Nbd7 6. Bd3 dxc4 7. Bxc4 c5 8. O-O
Qc7 9. dxc5 Bxc5 10. Bd3 O-O 11. Qc2 b6 12. Ng5 (12. b3) 12... h6 13. Nge4 Bb7
14. Nxf6+ (14. Nxc5) 14... Nxf6 15. e4 Ng4 $1 16. g3 Qe5 (16... f5 $1) 17. h3
$4 (17. Be2) 17... Qxg3+ 0-1